| 000 | 01464cam a22003377a 4500 | ||
|---|---|---|---|
| 001 | 12479382 | ||
| 003 | OSt | ||
| 005 | 20210414114617.0 | ||
| 008 | 010723s2001 nyua 001 0 eng d | ||
| 010 | _a 2001270084 | ||
| 020 | _a0071361839 | ||
| 035 | _a(OCoLC)ocm46956980 | ||
| 040 |
_aLPU _cLPU _dDLC |
||
| 042 | _alccopycat | ||
| 050 | 0 | 0 |
_aTC157.5.N98 _b |
| 082 | 0 | 0 |
_a627/.076 _221 |
| 100 | 1 | _aNzewi, Emmanuel U. | |
| 245 | 1 | 4 |
_aThe McGraw-Hill civil engineering PE exam depth guide: water resources. / _cEmmanuel U. Nzewi. |
| 260 |
_aNew York : _bMcGraw-Hill, _c2001. |
||
| 300 |
_aix + various pagings : _bill. ; _c24 cm. |
||
| 500 | _aIncludes appendix and index. | ||
| 505 | _aContents: Fundamental concepts and properties of fluids -- Fluid statics -- Fluid dynamics and applied hydraulics -- Engineering hydrology -- Groundwater Hydraulics. | ||
| 650 | 0 |
_aHydraulic engineering _vExaminations, questions, etc. |
|
| 650 | 0 |
_aFluid mechanics _vExaminations, questions, etc. |
|
| 856 | 4 | 2 |
_3Contributor biographical information _uhttp://www.loc.gov/catdir/bios/mh041/2001270084.html |
| 856 | 4 | 2 |
_3Publisher description _uhttp://www.loc.gov/catdir/description/mh024/2001270084.html |
| 856 | 4 | 1 |
_3Table of contents _uhttp://www.loc.gov/catdir/toc/mh023/2001270084.html |
| 906 |
_a7 _bcbc _ccopycat _d3 _encip _f20 _gy-gencatlg |
||
| 942 |
_2lcc _cBK |
||
| 999 |
_c6746 _d14246 |
||